| 000 | 00513nam a2200205Ia 4500 | ||
|---|---|---|---|
| 005 | 20251122100718.0 | ||
| 008 | 230125s9999 xx 000 0 und d | ||
| 020 | _a9781630415204 | ||
| 041 | _aeng | ||
| 082 |
_a158.1 _bTAL |
||
| 100 |
_aTalbot C _9215458 |
||
| 245 | _aBreaking Through | ||
| 250 | _a1st Ed. | ||
| 260 |
_c2014 _bMatrix Consulting _aDubai |
||
| 300 | _a167 p | ||
| 500 | _aPersonality Development | ||
| 650 |
_aPersonality Development _9213420 |
||
| 700 |
_aTalbot C _9215458 |
||
| 942 | _cBK | ||
| 999 |
_c96865 _d96865 |
||